Amazon Movie Reviews VII Quiz Stats

 Plays Quiz Updated Feb 23, 2017

Support Sporcle.
Go Orange.
Score 0/20 Timer 08:00
1 Play Today
% Correct
Jurassic World
96.7%
The Wrestler
96%
Chicken Run
95.4%
Garfield: A Tail of Two Kitties
95.2%
The Purge
93.4%
Paranormal Activity: The Ghost Dimension
90.6%
Air Bud
90.4%
Finding Dory
89.8%
Zootopia
89.1%
Elf
88.7%
% Correct
Sausage Party
85.1%
Room
85.1%
JFK
84.5%
The Truman Show
81.7%
Beethoven
80.8%
Memento
76.6%
Twister
76.6%
Ghost Rider
64.5%
Road House
64.2%
The Avengers
60.3%

You're not logged in!

Compare scores with friends on all Sporcle quizzes.
OR
Log In
Forgot?

From the Vault

Sliding Through the 1980s

by WalshyMusic

This quiz will be easier if you go through it doing the cha-cha slide.
Remove Ads.
Support Sporcle.
Get the best of Sporcle when you Go Orange. This ad-free experience offers more features, more stats, and more fun while also helping to support Sporcle. Thank you for becoming a member.

Show Comments

Extras

Top Quizzes Today


Score Distribution

Your Account Isn't Verified!

In order to create a playlist on Sporcle, you need to verify the email address you used during registration. Go to your Sporcle Settings to finish the process.

Report this User

Report this user for behavior that violates our Community Guidelines.

Details: